Highest Grossing Indian Movies by Year - Statistics

General Stats
  • This quiz has been taken 70 times
    48 since last reset
  • The average score is 12 of 85
Answer Stats
Year Total Gross Movie % Correct
2017 ₹1811 crore Baahubali 2: The Conclusion
69%
2023 ₹1148 crore Jawan
64%
2024 ₹1344 crore Pushpa 2: The Rule
64%
2021 ₹365 crore Pushpa: The Rise
64%
2022 ₹1387 crore RRR
64%
2016 ₹2024 crore Dangal
58%
1975 ₹58 crore Sholay
44%
1952 ₹3.57 crore Aan
36%
2009 ₹400.6 crore 3 Idiots
31%
2018 ₹699.9 crore 2.0
29%
1995 ₹103 crore Dilwale Dulhania Le Jayenge
29%
1998 ₹106.7 crore Kuch Kuch Hota Hai
27%
2014 ₹769.9 crore PK
27%
2019 ₹475.5 crore War
27%
1990 ₹18 crore Dil
24%
2013 ₹556.7 crore Dhoom 3
20%
2007 ₹149.9 crore Om Shanti Om
20%
2015 ₹969 crore Bajrangi Bhaijaan
18%
2006 ₹154.4 crore Dhoom 2
18%
1987 ~₹10.5 crore Hukumat/Mr. India
18%
2001 ~₹131 crore Kabhi Khushi Kabhie Gham.../Gadar
18%
1983 ₹18 crore Coolie
16%
2020 ₹368 crore Tanhaji
16%
1977 ₹15.5 crore Amar Akbar Anthony
13%
2012 ₹334.4 crore Ek Tha Tiger
13%
2010 ₹320 crore Enthiran
13%
1957 ₹8 crore Mother India
13%
1960 ₹11 crore Mughal-e-Azam
13%
1976 ~₹10.1 crore Nagin/Hera Pheri/Barood
13%
1951 ₹15.61 crore Awaara
11%
2008 ₹194 crore Ghajini
11%
1989 ₹28 crore Maine Pyar Kiya
11%
2000 ~₹81.8 crore Mohabbatein/Kaho Naa... Pyaar Hai
11%
1985 ~₹17.8 crore Ram Teri Ganga Maili/Mard
11%
1940 ₹55 lakh Zindagi
11%
2011 ₹234 crore Bodyguard
9%
2002 ₹99.9 crore Devdas
9%
1997 ~₹68 crore Dil To Pagal Hai/Border
9%
2003 ~₹79 crore Kal Ho Naa Ho/Koi... Mil Gaya
9%
1943 ₹1 crore Kismet
9%
1981 ₹20 crore Kranti
9%
1978 ₹26 crore Muqaddar Ka Sikandar
9%
1980 ~₹16.1 crore Qurbani/Alibaba Aur 40 Chor
9%
1991 ₹18 crore Saajan
9%
1979 ₹10 crore Suhaag
9%
1988 ₹16 crore Tezaab
9%
1984 ~₹21.4 crore Tohfa/Jagir
9%
1993 ₹25.25 crore Aankhen
7%
1971 ~₹4.7 crore Haathi Mere Saathi/Caravan
7%
1970 ~₹12 crore Johny Mera Naam/Mera Naam Joker
7%
1947 ₹50 lakh Jugnu
7%
1986 ₹14 crore Karma
7%
1954 ₹2.9 crore Nagin
7%
1974 ₹10.5 crore Roti Kapada Aur Makaan
7%
1964 ₹8 crore Sangam
7%
1982 ~₹56.6 crore Vidhaata/Disco Dancer
7%
1953 ₹2.35 crore Anarkali
4%
1946 ₹1 crore Anmol Ghadi
4%
1969 ₹17.85 crore Aradhana
4%
1949 ₹2 crore Barsaat
4%
1942 ₹80 lakh Basant
4%
1962 ₹3 crore Bees Saal Baad
4%
1992 ₹23.5 crore Beta
4%
1973 ₹30 crore Bobby
4%
1959 ~₹3.8 crore Char Dil Char Rahen/Anari
4%
1994 ₹127 crore Hum Aapke Hain Koun..!
4%
1956 ~₹3.3 crore Jagte Raho/C.I.D
4%
1941 ₹70 lakh Khazanchi
4%
1958 ₹4 crore Madhumati
4%
1963 ₹6 crore Mere Mehboob
4%
1966 ₹17 crore Phool Aur Patthar
4%
1944 ₹1 crore Rattan
4%
1950 ₹1.35 crore Samadhi
4%
1972 ₹19.53 crore Seeta Aur Geeta
4%
1948 ~₹1.40 crore Shaheed/Chandralekha
4%
1965 ₹6 crore Waqt
4%
1945 ₹70 lakh Zeenat
4%
1961 ₹11 crore Ganga Jamna
2%
1999 ₹81.7 crore Hum Saath-Saath Hain
2%
1955 ₹10 crore Pather Panchali
2%
1996 ₹76 crore Raja Hindustani
2%
1967 ₹5.85 crore Upkar
2%
2004 ₹97.6 crore Veer-Zaara
2%
1968 ~₹12 crore Ankhen/Duniya
0%
2005 ₹74.1 crore No Entry
0%
No matching quizzes found
Score Distribution
Percent of People with Each Score
Percentile by Number Answered
Your Score History
You have not taken this quiz since the last reset